| 000 | 00611nam a2200217 u 4500 | ||
|---|---|---|---|
| 005 | 20240924071314.0 | ||
| 008 | 170123s2007 es r 000 0 spa d | ||
| 020 | _a9788424119102 | ||
| 035 | _aUPN01000215467 | ||
| 049 | _aI | ||
| 050 | 4 |
_aPZ73 _bS2.23 |
|
| 100 | 1 |
_aSayalero, Myriam _940098 |
|
| 245 | 1 | 3 |
_aLa bella y la bestia / _cadap. Myriam Sayalero ; il. Fernando Noriega. |
| 260 |
_aLeón, Esp. : _bEverest, _c2007. |
||
| 300 |
_a16 p. : _bil. col. |
||
| 440 | 0 | _aGirasol | |
| 650 | 4 |
_aCuentos infantiles _96744 |
|
| 650 | 4 |
_aLiteratura infantil _94445 |
|
| 905 | _aInfantil | ||
| 999 |
_c187567 _d187567 |
||